000 01002nam a2200277Ia 4500
003 OSt
005 20220923211218.0
006 a|||||r|||| 00| 0
007 ta
008 220922b |||||||| |||| 00| 0 hin d
020 _a9788126715886
_c390
024 _a258,653
037 _b414, 28/01/2012, Eastern Book Linkers
_cTextual
040 _aARTS
_cARTS
_bhin
041 _2hin
_ahin
082 _aO152,6N27x, M2;P8
100 _aसिंह, नामवर
245 0 _aदूसरी परम्परा की खोज
246 _aDūsarī paramparā kī khoja
260 _aनयी दिल्ली
_b राजकमल प्रकाशन
_c2008
300 _a144पृ.
_ccm.
650 _a हिन्दी साहित्य
_9156264
650 _aहिन्दी साहित्य
_9156264
942 _hO152,6N27x, M2;P8
_cTEXL
_2CC
999 _c296992
_d296992